Strategické riadenie firmy. 1 Škola strategického manažmentu

Strategické riadenie a recesia. Dejiny strategického myslenia. Plánovanie a strategické myslenie. Analýza strategického priestoru firmy. Vnútorné prostredie, prednosti a slabiny firmy. Stratégia úspešnosti a potenciál úspechu firmy.

Na minha lista:
Detalhes bibliográficos
Autor principal: Tuma, Miroslav
Formato: Capítulo de Livro
Idioma:eslovaco
Assuntos:
Tags: Adicionar Tag
Sem tags, seja o primeiro a adicionar uma tag!

MARC

LEADER 00000naa a2200000 4500
001 r014324
005 20221213123314.1
041 0 |a slo 
044 |a SK 
245 1 0 |a Strategické riadenie firmy. 1  |b Škola strategického manažmentu  |c Miroslav Tuma 
520 |a Strategické riadenie a recesia. Dejiny strategického myslenia. Plánovanie a strategické myslenie. Analýza strategického priestoru firmy. Vnútorné prostredie, prednosti a slabiny firmy. Stratégia úspešnosti a potenciál úspechu firmy. 
610 2 0 |a riadenie strategické 
610 2 0 |a manažment 
610 2 0 |a riadenie podnikové 
610 2 0 |a stratégia podniková 
610 2 0 |a plánovanie strategické 
610 2 0 |a rozhodovanie strategické 
610 2 0 |a história 
100 1 |a Tuma, Miroslav